000 01797nam a22004817a 4500
001 000095556
003 CHAP
005 20220817044107.0
008 060410d2005 mx a r 00110 spa d
010 _a92022
011 _a92994
035 _a103561
040 _cCHAP
090 _aTesis
100 1 _aCundapí Corzo, Armando.
_930439
245 1 0 _aDiagnóstico y susceptibilidad de enfermedades fungosas en manzana (Malus pumilla Mill.) y pera (Pyrus communis L.) en postcosecha /
_c/por Armando Cundapí Corzo.
260 _aChapingo, Méx. :
_bEl autor,
_c2005.
300 _a57 h. :
_bilus.; cuadros.
502 _aTesis (Ing. Agr. Esp. en Parasitología Agrícola) -- UACH. Departamento de Parasitología Agrícola
590 _aALEPH
_b10
_c20130110
_lUCH01
_h1511
590 _aBATCH-UPD
_b10
_c20130110
_lUCH01
_h0411
590 _aBATCH-UPD
_b10
_c20130110
_lUCH01
_h2053
590 _aBATCH-UPD
_b10
_c20130410
_lUCH01
_h0046
590 _aBATCH-UPD
_b10
_c20130914
_lUCH01
_h0421
590 _aBATCH-UPD
_b10
_c20140324
_lUCH01
_h1456
590 _aBATCH-UPD
_b10
_c20141002
_lUCH01
_h0829
590 _aCONVERSION
_b10
_c20130109
_lUCH01
_h1351
590 _aE11695DGD
_b10
_c20130531
_lUCH01
_h0802
650 1 4 _aAspergillus niger.
_98120
650 1 4 _aFruta
_xPérdidas postcosecha.
_943648
650 1 4 _aMalus pumila.
_970213
650 1 4 _aManzana
_xEnfermedades.
_970763
650 1 4 _aManzana
_xMéxico.
_970787
650 1 4 _aPera
_xEnfermedades.
650 1 4 _aPera
_xMéxico.
_986977
856 _3Finding aid
_uhttp://10.13.5.2/tesis/103561.pdf
_zTeclea aquí
901 _aBK
905 _aElisama A. H.
942 _cCD
942 _n0
949 _aTesis
_bBC
_cTES
_d00000000103531
_eTS1
_h44860
_i103561
_sb
949 _aTesis
_bBC
_cTES
_d33724000969697
_eTS2
_fc.2
_h44861
_i103561
_sb
999 _c92022
_d92022